| 000 | 01700nam a2200229 i 4500 | ||
|---|---|---|---|
| 001 | 155387 | ||
| 003 | ES-MaACL | ||
| 005 | 20250830063107.0 | ||
| 008 | 931025m18001805sp |||| | spa d | ||
| 040 |
_aCYL _bspa _cPAB |
||
| 100 | 1 |
_aHervás, Lorenzo, _d1735-1809 _963423 |
|
| 245 | 1 | 0 |
_aCatálogo de las lenguas de las naciones conocidas, y numeracion, division, y clases de estas segun la diversidad de sus idiomas y dialectos / _csu autor ... Lorenzo Hervás ...; volúmen I [-VI]. |
| 260 |
_aMadrid : _bse hallará en la librería de Ranz, _c1800-1805 ( _fEn la imprenta de la Administracion del Real Arbitrio de Beneficencia) |
||
| 300 |
_a6 v. ; _c21 cm. |
||
| 505 | 8 | _aContiene: T. I. Lenguas y naciones americanas (XVI, 396 p., [3] h. pleg.) -- t. II. Lenguas y naciones de las islas del los mares Pacífico e Indiano austral y oriental, y del continente de Asia (480 p., [2] h. pleg.) -- t. III. Lenguas y naciones europeas : Parte I, Naciones europeas advenedizas, y sus lenguas (359 p.) -- t. IV. Lenguas y naciones europeas : Parte II, Naciones europeas primitivas, sus lenguas matrices, y dialectos de éstos (343 p.) -- t. V. Lenguas y naciones europeas: naciones primitivas, sus lenguas matrices y dialectos de éstos (315 p.) -- t.VI. Lenguas y naciones europeas: naciones primitivas, sus lenguas matrices y dialectos de éstos (379 p., [3] h. pleg.) | |
| 530 | _aDisponible en formato digital. | ||
| 597 | _aApostillas marginales. | ||
| 650 | 4 |
_aLenguas. _914353 |
|
| 852 |
_aES-MaACL _jR-2747-52 _z-- Enc. pasta _x Olim:G-9595-600 |
||
| 856 |
_uhttp://bdh-rd.bne.es/viewer.vm?id=0000049124&page=1 _zBiblioteca Digital Hispánica |
||
| 999 |
_c155387 _d155387 |
||